Choose the Right Flag - Statistics

General Stats
  • This quiz has been taken 88 times
  • The average score is 27 of 30
Answer Stats
Question Tile Select % Correct
Which one of these is the Danish flag? No
99%
Which one of these is the Danish flag? No
99%
Which one of these is the Sammarinese (San Marino) flag? No
99%
Which one of these is the Indonesian flag? No
99%
Which one of these is the Indonesian flag? No
99%
Which one of these is the Sammarinese (San Marino) flag? No
97%
Which one of these is the Danish flag? No
96%
Which one of these is the Danish flag? No
96%
Which one of these is the Sammarinese (San Marino) flag? No
96%
Which one of these is the Sammarinese (San Marino) flag? No
96%
Which one of these is the Japanese flag? No
96%
Which one of these is the Japanese flag? No
96%
Which one of these is the Japanese flag? No
96%
Which one of these is the Japanese flag? Yes
96%
Which one of these is the Japanese flag? No
96%
Which one of these is the Japanese flag? No
96%
Which one of these is the Danish flag? No
95%
Which one of these is the Indonesian flag? No
95%
Which one of these is the Sammarinese (San Marino) flag? No
93%
Which one of these is the Indonesian flag? No
92%
Which one of these is the Bahraini (Bahrain) flag? No
92%
Which one of these is the Bahraini (Bahrain) flag? No
92%
Which one of these is the Danish flag? Yes
91%
Which one of these is the Indonesian flag? No
91%
Which one of these is the Sammarinese (San Marino) flag? Yes
89%
Which one of these is the Bahraini (Bahrain) flag? No
89%
Which one of these is the Bahraini (Bahrain) flag? No
88%
Which one of these is the Indonesian flag? Yes
83%
Which one of these is the Bahraini (Bahrain) flag? No
49%
Which one of these is the Bahraini (Bahrain) flag? Yes
48%
No matching quizzes found
Score Distribution
Percent of People with Each Score
Percentile by Number Answered
Your Score History
You have not taken this quiz